000 00291nam a22001337a 4500
008 171010b xxu||||| |||| 00| 0 eng d
020 _a9781568380551
041 _aeng
080 _22ND
_a316
100 _a50
101 _aSOC
245 _aOUT OF THE SHADOWS
_cCARNES.P
942 _2udc
_cBK
999 _c32832
_d32832